000 00855nam a2200265 i 4500
001 190426
003 ES-MaACL
005 20250307141813.0
008 210325s2013 sp 001 p spa d
020 _a978-84-941804-5-3
040 _cES-MaACL
080 _a821.134.2-14"19"
100 1 _aArrillaga, Luis,
_d1951-
_923314
_eaut
245 1 3 _aLa voz del viento /
_cLuis Arrillaga.
250 _a1ª ed.
260 _aMadrid :
_bVitruvio,
_c2013.
300 _a79 p. ;
_c24 cm.
490 1 _aColección Baños del Carmen ;
_v398
830 1 _aColección Baños del Carmen
_v398
_9183030
852 4 _aES-MaACL
_jA-14626
_9197603
_bR.152004
_cDEPO1
_dOlim: N-7626
_hDonación: Jase Lázaro
903 _9234219
_aLázaro García, José
_ednr
942 _cMONOGRAFIA
_n0
999 _c190426
_d190426